MDQL
is popping MORE tags! Check the
thread
!
Quizzes
Events
Quiz Creation
Community
Videos
Private Events
Remove Ads
Sign In
Join for FREE
Feedback
Dark Mode
Quiz Categories
Sports
Geography
Music
Movies
Television
Just For Fun
Miscellaneous
History
Literature
Language
Science
Gaming
Entertainment
Religion
Holiday
For Kids
Quiz Lab
Recent
Popular Today
Quiz Kudos Today
Editor Picks
Curator Picks
Quizzes by...
Day
Popularity
Type
Ratings
Length
Year
Community
Subscriptions
Recent Discussions
Orange Saloon
Badges
Playlists
Quests
Create
Leaderboards
Showdown
Live 5
Trivia Bingo
Activity
Puzzle Library
Sporcle Events
Private Events
Virtual Trivia
Globe League
Become a Host
Pub Owners
SporcleCon
Opinionation
Our Games
Videos
Blog
Mobile Apps
Partnerships
Remove Ads and Go Orange
Feedback
Sports
Athletes
MLB
NBA
NHL
NFL
Soccer
Sports Teams
WWE
NCAA
Football
Premier League
Basketball
Baseball
Hockey
Golf
Tennis
Cricket
Rugby
Auto Racing
Olympics
World Cup
Sports
Athletes
MLB
NBA
NHL
NFL
Soccer
Sports Teams
WWE
NCAA
Football
Premier League
Basketball
Baseball
Hockey
Golf
Tennis
Cricket
Rugby
Auto Racing
Olympics
World Cup
Random Quiz
Search Sporcle
×
Quiz Lab
Quiz Lab
Sports
NFL
Type in answers that appear in a list
Type in answers that appear in a list
Classic
Best Score? Go Orange.
Pro Bowl Offensive Linemen Since 2000 Stats
Can you name the Offensive Linemen that made the pro bowl since the 2000 NFL season?
By
jrock826
15m
156 Questions
264 Plays
264 Plays
264 Plays
Comments
Comments
Give Quiz Kudos
Give Quiz Kudos
-
- Ratings
hide this ad
Replay
Link that replays current quiz
Next Quiz
Link to next quiz in quiz playlist
You Got
0%
They Got
Avg Score
36%
Avg Friend Score
Upgrade to see
Score Distribution
Jump to the score distribution portion of the page
Score
0/156
Timer
15:00
0
Plays Today
Team(s)
Player
% Correct
DAL
Tyler Smith
100%
DAL
Tyron Smith
93.2%
PIT
Marvel Smith
92.4%
HOU
Wade Smith
92%
CLE
Joe Thomas
87.9%
PHI
Tra Thomas
87.1%
PHI
Lane Johnson
86.6%
TEN
Ben Jones
85.7%
WAS/
SF
Trent Williams
85.6%
CHI
James Williams
84.5%
BAL/
KC
Orlando Brown
82.4%
OAK
Trent Brown
80.6%
HOU/
SEA
Duane Brown
79.5%
SEA
Walter Jones
79.2%
BUF/
CHI
Ruben Brown
78.4%
SF
Ray Brown
78.4%
NO
Jammal Brown
78.4%
PIT
Maurkice Pouncey
76.5%
MIA/
LAC
Mike Pouncey
76.5%
DAL/
SF
Larry Allen
75%
BUF/
PHI
Jason Peters
74.2%
DAL
Zack Martin
73.5%
DET
Jonah Jackson
70.1%
MIA
Jake Long
67.8%
CHI
Kyle Long
67.8%
GB
David Bakhtiari
67.5%
PIT/
NYJ
Alan Faneca
67.4%
BAL
Jonathan Ogden
67.4%
SEA/
MIN
Steve Hutchinson
67%
NYJ
Nick Mangold
67%
STL
Orlando Pace
67%
IND/
GB
Jeff Saturday
65.5%
DAL
Travis Frederick
65.2%
CAR
Ryan Kalil
65.2%
MIN
Matt Kalil
65.2%
BAL
Marshal Yanda
64.4%
NE/
TB
Logan Mankins
63.6%
NYJ/
TEN
Kevin Mawae
63.6%
SF
Joe Staley
63.6%
IND
Quenton Nelson
63.5%
KC
Will Shields
62.5%
NYJ
D'Brickashaw Ferguson
61.7%
CLE/
ATL/
SF
Alex Mack
61.4%
CIN/
LAR
Andrew Whitworth
60.6%
NO/
KC
Willie Roaf
59.5%
NO
Jahri Evans
58.7%
PIT
Alejandro Villanueva
58.7%
SEA/
NO
Max Unger
58.3%
NO/
MIA
Terron Armstead
57.5%
ATL
Chris Lindstrom
56.5%
PHI
Jason Kelce
56.4%
SF/
ARI
Mike Iupati
56.1%
Team(s)
Player
% Correct
TEN
Taylor Lewan
56%
NE
Matt Light
55.3%
DEN
Ryan Clady
54.5%
KC
Eric Fisher
52.7%
PIT
David DeCastro
52.7%
DET
Penei Sewell
52.4%
MIA/
BUF
Richie Incognito
52.3%
CLE
Wyatt Teller
52.2%
LAC
Corey Linsley
52.2%
SEA/
LAC
Russell Okung
51.9%
TEN
Bruce Matthews
51.5%
TB
Tristan Wirfs
50.7%
CIN
Willie Anderson
50.4%
PHI
Brandon Brooks
50.3%
KC
Joe Thuney
50%
BUF
Dion Dawkins
49.3%
NYG
Chris Snee
48.5%
KC
Creed Humphrey
47.8%
LAC
Rashawn Slater
46.3%
TB
Ali Marpet
46.3%
DAL
Flozell Adams
45.5%
DAL
Leonard Davis
45.5%
TB
Ryan Jensen
44.8%
TB/
OAK
Donald Penn
44.7%
HOU
Laremy Tunsil
44%
WAS
Brandon Scherff
44%
CAR
Jordan Gross
43.6%
CHI
Olin Kreutz
43.6%
BUF
Mitch Morse
43.5%
OAK
Kelechi Osemele
42.5%
GB/
DET
T.J. Lang
41.5%
IND
Ryan Kelly
41.4%
NYG
David Diehl
40.2%
JAX
Tony Boselli
39%
BUF
Eric Wood
39%
CLE
Joel Bitonio
38.8%
DET
Frank Ragnow
37.9%
KC
Brian Waters
37.5%
PHI
Landon Dickerson
37%
MIN
Matt Birk
36.7%
GB/
CHI
Josh Sitton
36.4%
NYG
Shaun O'Hara
36%
BAL
Ronnie Stanley
35.1%
OAK
Rodney Hudson
34.5%
CAR
Trai Turner
34.5%
PHI
Evan Mathis
34.1%
PHI
Shawn Andrews
33.7%
NO
Andrus Peat
33.6%
MIN
Bryant McKinnie
33.3%
ARI
D.J. Humphries
32.8%
BAL/
NO
Ben Grubbs
32.6%
KC/
MIA
Branden Albert
32.2%
Team(s)
Player
% Correct
NO
Carl Nicks
31.8%
MIN
Brian O'Neill
31.3%
TEN/
BUF
Rodger Saffold
31.3%
PHI
Jon Runyan
30.7%
GB
Elgton Jenkins
30.5%
IND
Tarik Glenn
30.3%
TB
Randall McDaniel
29.9%
DEN
Louis Vasquez
29.9%
GB
Chad Clifton
28.4%
WAS
Chris Samuels
28.4%
DAL
Andre Gurode
27.3%
SF
Laken Tomlinson
26.9%
DEN
Tom Nalen
25.4%
NE
Dan Koppen
25%
NE
Damien Woody
25%
TEN
Michael Roos
23.1%
DAL
Tyler Biadasz
21.4%
SD
Nick Hardwick
20.8%
OAK
Barret Robbins
20.8%
OAK
Lincoln Kennedy
20.5%
NYJ
Brandon Moore
20.1%
NO
Erik McCoy
18.2%
BAL
Jeremy Zuttah
17.5%
STL
Adam Timmerman
17.4%
HOU
Chris Myers
17%
OAK
Steve Wisniewski
17%
PIT
Jeff Hartings
16.7%
DEN
Zane Beadles
15.5%
BAL
Tyler Linderbaum
15.4%
NO
Jermon Bushrod
15.2%
NO
Jonathan Goodwin
14.8%
SD
Kris Dielman
14%
NO
Larry Warford
13.6%
TB
Davin Joseph
13.3%
NYG/
SF
Ron Stone
12.9%
SF
Jeremy Newberry
12.5%
NO
LeCharles Bentley
11.7%
TEN
Brad Hopkins
11.7%
ATL
Tyson Clabo
11%
SD
Marcus McNeill
11%
GB
Scott Wells
11%
GB
Marco Rivera
10.6%
CAR
Mike Wahle
10.6%
PHI
Jermane Mayberry
10.2%
MIN
Korey Stringer
10.2%
TB
Jeff Christy
9.1%
BAL
Kevin Zeitler
9.1%
MIA
Tim Ruddy
8.7%
DEN
Casey Wiegmann
8.3%
NO
Jon Stinchcomb
8%
SEA
Robbie Tobeck
6.4%
GB
Mike Flanagan
4.9%
Quiz Playlist
Details
Report
Send in Message
Add To Playlist
Classic:
Type in answers that appear in a list
Quiz Source
Last Updated: Feb 16, 2017
Quiz Scoreboard
CHALLENGE
Sign Up to Join the Scoreboard
Show All
Scores
Hide
Comments
May contain spoilers
Recently Published
Image Sorting: Flags VI
by Barbecue
Geography
2m
Find the 'City' Movie
by crazypaving
Movies
60s
5x2 Blitz: Bands
by SL_Kpop136
Music
30s
More to Explore
Quiz From the Vault
Featured Blog Post
14 Easter Pick-up Lines to Find Eggs With
hide this ad
You Might Also Like...
Tags
NFL Quiz
2000
Bowl
linemen
Offensive
Player
pro
Pro-bowl
Pro Bowl
season
team
Today's Top Quizzes in Sports
Browse Sports
hide this ad
Today's Top Quizzes in NFL
Browse NFL
Top Contributed Quizzes in Sports
1
Les meilleurs buteurs des matchs entre le PSG et l’OM
2
Les entraîneurs de l'OM et du PSG au 21e siècle
3
Les joueurs passés par le PSG et l'OM
4
2022 World Cup Stars
5
Players with Multiple 50 Home Run Seasons
6
Criteria MLB: Left Handed Sluggers
7
MLB Players with Two .350 Batting Average Seasons
8
Les joueurs passés par le LOSC et le RC Lens
9
NBA Logic Puzzle 2.0
10
Top 10 NHL Goal Scorers of All Time
Explore More
Trending Topics
Kpop
NBA
Harry Potter
Marvel
Disney
Anime
Crossword
Puzzle
Soccer
Pokémon
NFL
The Office
Song
WWE
Country
hide this ad
More By:
jrock826
Quiz
Plays
Rating
Category
Featured
Created
World Heavyweight Champions (Clickable)
36,202
2.38
Sports
Mar 29, 2012
Randy Orton WWE PPV/Network Event Opponents
10,783
3.21
Sports
Feb 16, 2011
NBA Eastern Conference PPG Team Leaders 2000-2019
10,368
4.80
Sports
Jan 29, 2015
Top 100 MLB Players of 2018
9,783
4.33
Sports
Feb 15, 2018
NFL Random Trivia (2005-15)
8,075
3.30
Sports
Nov 14, 2014
Go to Creator's Profile
Score Distribution
Quiz Creator Spotlight
jrock826
Follow
Send a Message
Quizzes Created
-
Created Quiz Play Count
-
More By This Creator
Popular Quizzes Today
1
Colored Red Africa Blitz
2
Find the US States - No Outlines Minefield
3
Find the 'City' Movie
4
5x2 Blitz: Bands
5
The Countries of the World
6
Find the US States
7
Find the Countries of Europe - No Outlines Minefield
8
US States
More Sports Quizzes
New York Knicks All-Time Leaders
Published
Trending Quizzes
Colored Red Europe Blitz I
Colored Red Europe Blitz II
Colored Red Africa Blitz II
Colored Red Europe Blitz III
Colored Red Africa Blitz III
Recently Updated
How Do You Spell That?
pecheneg
Godzilla Movies
pecheneg
Grab Bag: 4-10 Letters
pecheneg
2024 March Madness Bracket
pecheneg
Famous TV Couples
Peacemaker
Champions League XIs: Real Madrid
pecheneg
Largest US Cities 1790-2010
pecheneg
Rides in Walt Disney World
pecheneg
Most Oscar Losses (Acting)
pecheneg
Beyoncé Albums
pecheneg
Trending Topics
Harry Potter
NBA
Disney
Kpop
Crossword
Marvel
Anime
The Office
Country
Puzzle
Song
NFL
WWE
Pokémon
Soccer
Your Account Isn't Verified!
In order to create a playlist on Sporcle, you need to verify the email address you used during registration. Go to your
Sporcle Settings
to finish the process.
Report this User
Report this user for behavior that violates our
Community Guidelines
.
Details:
Send Report
Go to the Sporcle.com Mobile Site →
Comments